1147 1817 1087 1770 1058 1556 1390 1490 1604 1015 1017 1004 1899 1498 1655 1029 1082 1940 1012 1312 1525 1079 1024 1545 1848 1851 1320 1606 1792 1402 1512 1248 1278 1765 1899 1362 1945 1337 1010 1598 1443 1724 1303 1983 1433 1541 1816 1539 1979 1384 1381 1299 1187 1296 1519 1056 1342 1726 1109 1741 1092 1487 1071 1001 1330 1927 1132 1037 1863 1518 1227 1344 1355 1215 1778 1007 1237 1778 1522 1358 1165 1564 1510 1619 1935 1756 1712 1732 1170 1532 1903 1819 1034 1449 1376 1408 1091 1840 1574 BCNSPRNW ULIB Ver.6.0+V

เปลี่ยนเป็นภาษาไทย

Change to English
 แสดงรายละเอียดบรรณานุกรม
  กลับหน้าหลัก

Brief Record : Get Marc (ISO 2709) : E-mail record : QR code < ปิดหน้าต่าง
LEADER : 00000nam 2200000uu 4500
001    13399124517
003     ULIB
008    150818s2542||||th 000 0 tha d
020    9789742552787 (ล.2)
020    9742552789 (ล.2)
090    นว.^bพ541ส ล.2
100 0  พัดชา
245 00 สามี เล่ม2/^cพัดชา
250    พิมพ์ครั้งที่ 2
260    กรุงเทพฯ :^bบูรพาสาส์น(1991)จำกัด,^c2542
300    552 หน้า
945    ^p350^l0^i23109
995    ทศพร
999     ^aใช้งานได้ทุกระบบ
รายการนี้ยังไม่มีแท็ก
คุณยังไม่ได้ล็อกอิน คุณสามารถมีกิจกรรมร่วมกับเว็บไซต์ได้ แต่ต้องล็อกอินก่อน ::
  ล็อกอิน

รายการสื่อสารสนเทศ

ลำดับที่ ประเภท เลขเรียก/บาร์โค้ด สถานที่ สถานะ
1. นวนิยาย
นวนิยาย
นว. พ541ส ล.2 ฉ.1 
  Barcode: 23109
ห้องสมุดวิทยาเขตนครสวรรค์
►นวนิยาย:l:Fiction
บนชั้น

รายการใกล้เคียง
    ผู้แต่ง [พัดชา]

BibComment


ยังไม่เคยถูกคอมเมนท์

คอมเมนท์ทรัพยากรรายการนี้
  คอมเมนท์: สามี เล่ม2 พัดชา


 Copyright 2026. Bcnsprnw @Library